1854 1696 1428 1555 1895 1915 1625 1729 1306 1762 1493 1688 1180 1149 1267 1189 1660 1497 1292 1955 1539 1561 1782 1860 1300 1643 1031 1758 1568 1180 1878 1956 1254 1626 1504 1733 1449 1207 1583 1319 1688 1678 1293 1932 1341 1696 1480 1757 1103 1281 1964 1651 1307 1643 1924 1775 1925 1330 1887 1077 1373 1447 1424 1588 1586 1134 1884 1962 1643 1081 1567 1178 1307 1708 1770 1422 1558 1997 1072 1509 1454 1207 1429 1528 1774 1639 1465 1831 1326 1967 1324 1238 1257 1864 1820 1988 1017 1610 1363 BCNSPRNW ULIB Ver.6.0+V

เปลี่ยนเป็นภาษาไทย

Change to English
 แสดงรายละเอียดบรรณานุกรม
  กลับหน้าหลัก

Brief Record : Get Marc (ISO 2709) : E-mail record : QR code < ปิดหน้าต่าง
LEADER : 00000nam 2200000uu 4500
001    13399111072
003     ULIB
008    110616s||||||||th 000 0 tha d
020    9789743265259
050  4 H62.7^bค181 2553
245 00 ความต้องการใช้ข้อมูลการวิจัยของภาคธุรกิจและภาคการศึกษาเอกชน /^cโดยกลุ่มกิจการพิเศษ สำนักงานคณะกรรมการแห่งชาติ (วช.)
260    กรุงเทพฯ :^bอรุณการพิมพ์,^c2553
300    146 หน้า :^bภาพประกอบ
650  4 ธุรกิจเอกชน
650  4 องค์กรธุรกิจชุมชน^xข้อมูล
710 2  สำนักคณะกรรมการวิจัยแห่งชาติ (วช.).^bกลุ่มกิจการพิเศษ
945    ^p0^l0^i025702
945    ^p0^l0^i025191
945    ^p0^l0^i030156
945    ^p0^l0^i027537
995     เกษร
999 ^a ใช้งานได้ทุกระบบ
รายการนี้ยังไม่มีแท็ก
คุณยังไม่ได้ล็อกอิน คุณสามารถมีกิจกรรมร่วมกับเว็บไซต์ได้ แต่ต้องล็อกอินก่อน ::
  ล็อกอิน

รายการสื่อสารสนเทศ

ลำดับที่ ประเภท เลขเรียก/บาร์โค้ด สถานที่ สถานะ
- ไม่พบข้อมูล -

BibComment


ยังไม่เคยถูกคอมเมนท์

คอมเมนท์ทรัพยากรรายการนี้
  คอมเมนท์: ความต้องการใช้ข้อ..


 Copyright 2026. Bcnsprnw @Library